000 00823nam a2200217Ia 4500
999 _c40779
_d40779
001 7418
003 GE_BSU
005 20231207160713.0
008 181216s1980||||ge |||||||||||||| ||geo||
040 _cGE_BSU
041 _ageo
080 _a821.353.1-1დ-24
100 _aდაუშვილი, თამარ
_916142
245 _aცისფერი რიდე :
_bლექსები /
_cთამარ დაუშვილი ; რედ. ტ. მებურნიშვილი.
264 _aთბილისი :
_bმერანი,
_c1980.
300 _a76 გვ. ;
_bფოტო.
_c17 სმ.
653 _aლექსები
653 _aცისფერი რიდე
700 _aმებურნიშვილი, თ.
_eრედაქტორი
_920625
942 _cBK
_2udc